000 00405nam a2200145Ia 4500
008 230917s9999||||xx |||||||||||||| ||und||
040 _e37813
_aMAIN
041 _aEnglish
082 _a823.7 T325C:T
100 _aColby, Robert A
245 0 _aThackeray's canvass of humanity: an author and his public
260 _aColumbus
_bOhio State University Press
_c1979
300 _axiv, 485 p.
942 _cBK
999 _c224640
_d224640